| 000 | 01105cam a22003015a 4500 | ||
|---|---|---|---|
| 001 | 17698387 | ||
| 005 | 20201128023921.0 | ||
| 008 | 130415t2013 gw a frb 001 0 eng d | ||
| 020 | _a9783642384561 | ||
| 040 |
_aDLC _beng _cDLC _dEG-ScBUE |
||
| 082 | 0 | 4 |
_222 _a006.3 _bADV |
| 245 | 0 | 0 |
_aAdvances in artificial intelligence : _b26th Canadian Conference on Artificial Intelligence, Canadian AI 2013, Regina, Canada, May 28-31, 2013. Proceedings / _c[edited by] Osmar R. Zaiane, Sandra Zilles. |
| 250 | _a1st ed. | ||
| 260 |
_aBerlin : _bSpringer-Verlag, _cc.2013. |
||
| 300 |
_axiv, 372 p. _bill. ; _c24 cm. |
||
| 490 | 0 |
_aLecture notes in artificial intelligence ; _v7884. |
|
| 500 | _aIndex : p. 371-372. | ||
| 504 | _aIncludes bibliographical references. | ||
| 590 | _aSAMEH | ||
| 650 | 7 |
_2BUEsh _aArtificial intelligence. _9529 |
|
| 650 | 7 |
_aData mining. _2BUEsh _927695 |
|
| 650 | 7 |
_aInformation storage and retrieval systems. _2BUEsh _934108 |
|
| 651 | _2BUEsh | ||
| 653 |
_bCOMSCI _cOctober2016 |
||
| 700 | 1 |
_aZaiane, Osmar R., _eeditor. |
|
| 700 | 1 |
_aZilles, Sandra, _eeditor. |
|
| 942 | _2ddc | ||
| 999 |
_c22745 _d22717 |
||